Normal view MARC view

Entry Personal Name

Number of records used in: 1

001 - CONTROL NUMBER

  • control field: 78616

003 - CONTROL NUMBER IDENTIFIER

  • control field: dpl

005 - DATE AND TIME OF LATEST TRANSACTION

  • control field: 20250225111219.0

008 - FIXED-LENGTH DATA ELEMENTS

  • fixed length control field: 250225|| aca||aabn | a|a d

040 ## - CATALOGING SOURCE

  • Original cataloging agency: dpl
  • Transcribing agency: dpl

100 ## - HEADING--PERSONAL NAME

  • Personal name: शुक्ल, रजनीकांत

670 ## - SOURCE DATA FOUND

  • Source citation: Work cat.: (dpl)209496: शुक्ल, रजनीकांत, हमारे बहादुर बच्चे /, 2023

© Delhi Public Library
Hit Counter
free hit counter